000 00902cam a2200157 4500500
005 20260329012839.0
041 _afre
042 _adc
100 1 0 _aKoller, Sylvie
_eauthor
245 0 0 _aDominique Cardon - À quoi rêvent les algorithmes - Nos vies à l’heure des big data. Le Seuil, « La République des Idées », 2015, 106 pages, 11,80 €.
260 _c2016.
500 _a57
520 _aAlors que les croisements entre fiction et non-fiction sont à la mode, les chroniques latino-américaines sont curieusement encore mal connues en France. Elles donnent pourtant lieu à une production très riche dans laquelle de grands auteurs s’impliquent. Il n’est pas trop tard pour en découvrir la richesse.
786 0 _nÉtudes | Février | 2 | 2016-01-26 | p. XXV-XXV | 0014-1941
856 4 1 _uhttps://shs.cairn.info/revue-etudes-2016-2-page-XXV?lang=fr&redirect-ssocas=7080
999 _c1874875
_d1874875